| 000 | 00540nam a2200193Ia 4500 | ||
|---|---|---|---|
| 005 | 20260120124628.0 | ||
| 008 | 008 260114s9999 xx 000 0 eng d | ||
| 020 | _a9780762310456 | ||
| 037 | _aEBOOK | ||
| 040 |
_aCRL _beng _cCRL |
||
| 041 |
_aeng _2eng |
||
| 084 | _qCRL | ||
| 245 | 0 | _aGlobalism/Localism at Work | |
| 260 |
_bEmerald Publishing _c2004 |
||
| 700 |
_aLeni Beukema _9908574 |
||
| 856 | _uhttps://www.emerald.com/insight/publication/doi/10.1016/S0277-2833(2004)13 | ||
| 942 | _cEBOOK | ||
| 999 |
_c1500472 _d1500472 |
||